| 000 | 00483cam a2200169ua 4500 | ||
|---|---|---|---|
| 020 | _c1800.00 | ||
| 041 |
_aeng _h |
||
| 082 |
_a633.082 _bBHA/CL |
||
| 100 | _aBhardwaj, Venkatesh . | ||
| 245 |
_aClimatic change and management of weather for sustainable agriculture / _cVenkatesh Bardwaj. _hTextual Documents |
||
| 260 |
_aUdaypur : _bAgro-tech publishing academy , _c2009. |
||
| 300 | _a ; . | ||
| 365 | _a1800.00 | ||
| 504 | _a | ||
| 942 | _cBK | ||
| 999 |
_c13405 _d13405 |
||